| 000 -LEADER |
| fixed length control field |
00395nam a22001457a 4500 |
| 008 - FIXED-LENGTH DATA ELEMENTS--GENERAL INFORMATION |
| fixed length control field |
200313b ||||| |||| 00| 0 eng d |
| 020 ## - INTERNATIONAL STANDARD BOOK NUMBER |
| International Standard Book Number |
9788126508341 |
| 100 ## - MAIN ENTRY--PERSONAL NAME |
| 9 (RLIN) |
2303 |
| Personal name |
Seborg, Dale E. |
| 245 10 - TITLE STATEMENT |
| Title |
Process dynamics and control |
| 250 ## - EDITION STATEMENT |
| Edition statement |
2nd ed. |
| 260 ## - PUBLICATION, DISTRIBUTION, ETC. (IMPRINT) |
| Place of publication, distribution, etc |
New Delhi: |
| Name of publisher, distributor, etc |
Wiley, |
| Date of publication, distribution, etc |
2009. |
| 300 ## - PHYSICAL DESCRIPTION |
| Extent |
xv,712p. |
| 650 #0 - SUBJECT ADDED ENTRY--TOPICAL TERM |
| Topical term or geographic name as entry element |
Chemical Engineering |
| 942 ## - ADDED ENTRY ELEMENTS (KOHA) |
| Item type |
Books |